El lenguaje en el aprendizaje de las matemáticas: la evaluación formativa en la práctica

Na minha lista:
Detalhes bibliográficos
Autor principal: Lee, Clare (Author)
Formato: Livro
Idioma:espanhol
Publicado em: Madrid Ediciones Morata S. L 2010
Edição:1a. ed
Assuntos:
Tags: Adicionar Tag
Sem tags, seja o primeiro a adicionar uma tag!

MARC

LEADER 00000cam a2200000 a 4500
001 UCE5973
003 CL-VaPUC
008 150319e20100000sp |||||||||||||||||spa|d
020 |a 9788471126047 
082 0 4 |a 371.1022  |b LEE  |2 21 
100 |a Lee, Clare  |e author  |9 589508 
245 1 3 |a El lenguaje en el aprendizaje de las matemáticas: la evaluación formativa en la práctica 
250 |a 1a. ed 
300 |a 207 p 
942 |c BK 
945 |d 20150319 12:57:00  |a dcastane 
260 |a Madrid  |b Ediciones Morata S. L  |c 2010 
650 0 |a Matemáticas  |x Enseñanza  |9 875527 
650 0 |a Comunicación   |9 257251 
583 |a last modification  |c 20150319 12:57:00  |k Rodrigo Vera 
999 |c 358482  |d 358480 
952 |0 0  |1 0  |3 erb  |4 0  |6 371_102200000000000_LEE_2010  |7 0  |8 A  |9 467197  |a BIBEDU  |b BIBEDU  |i 5140552  |l 1  |o 371.1022 LEE 2010  |p 5140552  |r 2024-04-01  |s 2024-03-18  |w 2019-11-23  |y BK  |z Catalogado en:20150319  |k EDU 
952 |0 0  |1 0  |3 erb  |4 0  |6 371_102200000000000_LEE_2010  |7 0  |8 A  |9 467198  |a BIBCUR  |b BIBCUR  |i 5140560  |o 371.1022 LEE 2010  |p 5140560  |r 2025-04-22  |w 2019-11-23  |y BK  |z Catalogado en:20150319  |k BCB 
952 |0 0  |1 0  |3 erb  |4 0  |6 371_102200000000000_LEE_2010  |7 0  |8 A  |9 467199  |a BIBCUR  |b BIBCUR  |i 5140579  |o 371.1022 LEE 2010  |p 5140579  |r 2025-04-22  |w 2019-11-23  |y BK  |z Catalogado en:20150319  |k BCB 
952 |0 0  |1 0  |3 erb  |4 0  |6 371_102200000000000_LEE_2010  |7 0  |8 A  |9 467200  |a BIBCUR  |b BIBCUR  |i 5140587  |o 371.1022 LEE 2010  |p 5140587  |r 2025-04-22  |w 2019-11-23  |y BK  |z Catalogado en:20150319  |k BCB 
952 |0 0  |1 0  |3 erb  |4 0  |6 371_102200000000000_LEE_2010  |7 0  |8 A  |9 467201  |a BIBCUR  |b BIBCUR  |i 5140595  |o 371.1022 LEE 2010  |p 5140595  |r 2025-04-22  |w 2019-11-23  |y BK  |z Catalogado en:20150319  |k BCB 
952 |0 0  |1 0  |3 erb  |4 0  |6 371_102200000000000_LEE_2010  |7 0  |8 A  |9 467202  |a BIBCUR  |b BIBCUR  |i 5140609  |o 371.1022 LEE 2010  |p 5140609  |r 2025-04-22  |w 2019-11-23  |y BK  |z Catalogado en:20150319  |k BCB 
952 |0 0  |1 0  |3 erb  |4 0  |6 371_102200000000000_LEE_2010  |7 0  |8 A  |9 467203  |a BIBCUR  |b BIBCUR  |i 5140617  |o 371.1022 LEE 2010  |p 5140617  |r 2025-04-22  |w 2019-11-23  |y BK  |z Catalogado en:20150319  |k BCB 
952 |0 0  |1 0  |3 erb  |4 0  |6 371_102200000000000_LEE_2010  |7 0  |8 A  |9 467204  |a BIBCUR  |b BIBCUR  |i 5140625  |o 371.1022 LEE 2010  |p 5140625  |r 2025-04-22  |w 2019-11-23  |y BK  |z Catalogado en:20150319  |k BCB 
952 |0 0  |1 0  |3 erb  |4 0  |6 371_102200000000000_LEE_2010  |7 0  |8 A  |9 467205  |a BIBCUR  |b BIBCUR  |i 5140633  |o 371.1022 LEE 2010  |p 5140633  |r 2025-04-22  |w 2019-11-23  |y BK  |z Catalogado en:20150319  |k BCB 
952 |0 0  |1 0  |3 erb  |4 0  |6 371_102200000000000_LEE_2010  |7 0  |8 A  |9 467206  |a BIBCUR  |b BIBCUR  |i 5140641  |o 371.1022 LEE 2010  |p 5140641  |r 2025-04-22  |w 2019-11-23  |y BK  |z Catalogado en:20150319  |k BCB